Panorama general de las reuniones anuales del FMI y el Banco Mundial: la deuda, el petróleo y los desequilibrios mundiales
Zapisane w:
| Format: | Texto |
|---|---|
| Hasła przedmiotowe: | |
| Etykiety: |
Dodaj etykietę
Nie ma etykietki, Dołącz pierwszą etykiete!
|
MARC
| LEADER | 00000 a a2200000 04500 | ||
|---|---|---|---|
| 001 | 8117 | ||
| 003 | |||
| 040 | |||
| 245 | |a Panorama general de las reuniones anuales del FMI y el Banco Mundial: |b la deuda, el petróleo y los desequilibrios mundiales | ||
| 650 | |a PAISES EN DESARROLLO | ||
| 650 | |a DEUDA EXTERNA | ||
| 773 | |g volumen 34, número 18; páginas 283-287 | ||
| 999 | |c 39833 |d 39833 | ||
